000 00987nam a2200265 a 4500
001 BRL_1894
005 20190320211425.0
008 130815s1967----mx-a######---#000-0#spa-#
041 _aspa
044 _amx
050 4 _aF1219
_b.D87 1967
100 1 _aDurán, Diego
_dm. 1588?
_928175
245 1 0 _aHistoria de las Indias de Nueva-España y Islas de Tierra Firme
_cpor el padre fray Diego Durán ; La publica con un atlas de estampas notas é ilustraciones, José F. Ramírez.
260 _aMéxico
_bEditora Nacional
_c1967
300 _a3 v.
_bil.
_c23 cm.
500 _av.1 Au1913, v.2 Au1912, v.3 Atlas Au1914
500 _a1 atlas (66 láms. ; 24 cm).
650 1 4 _aIndígenas de México
_xReligión y Mitología
_923675
650 1 4 _aManuscritos mexicanos
_xFacsímiles
_95310
651 4 _aMéxico
_xHistoria
_yConquista, 1519-1540
_9442
651 4 _aMéxico
_xAntigüedades
_92765
700 1 _aRamírez, José Fernando
_d1804-1871
_98070
902 _aGRL
942 _2lcc
_cB
999 _c10702
_d10702